00966nam a2200241Ia 4500003000900000008004100009020001800050040001600068080001800084110003700102111007300139245018500212260004500397300001500442490001500457650004800472700002900520700002500549700003100574942000700605999001700612952009500629IN-BaIIA211028s9999 xx 000 0 eng d a92-9092-780-1 cIIA Library a524.3-52bSTA aEuropean Space Laboratory924840 aESLAB Symposiumn33 rdcNoordwijk, Netherlandsd1999 Nov. 2-5924841 0aStar formation from the small to the large scalebproceedings of 33rd ESLAB symposium held in Noordwijk, Netherlands, November 2-5, 1999cedited by F. Favata, A. Kass and A. Wilson aNetherlandsbEuropean Space Agencyc2000 axiv, 583p. aESA SP-445 aStar formation- local, high redshift924842 aFabio Favata, ed.924843 aKaas, A., ed.924844 aWilson, Andrew, ed.924845 cBK c14119d14119 00104070aBANbBANcGENd2001-05-23l0o524.3-52/ STAp15039r2021-11-05w2001-05-23yBK